Advance economic theory. : (Record no. 1213)
[ view plain ]
| 000 -LEADER | |
|---|---|
| fixed length control field | 00539cam a2200205ua 4500 |
| 008 - FIXED-LENGTH DATA ELEMENTS--GENERAL INFORMATION | |
| fixed length control field | 110702n ii |||gr||||Z||||||eng |
| 020 ## - INTERNATIONAL STANDARD BOOK NUMBER | |
| International Standard Book Number | 81-219-0260-6 |
| 040 ## - CATALOGING SOURCE | |
| Transcribing agency | MAIN |
| 082 ## - DEWEY DECIMAL CLASSIFICATION NUMBER | |
| Classification number | 338.5 |
| 100 ## - MAIN ENTRY--PERSONAL NAME | |
| Personal name | Ahuja, H L., |
| 245 ## - TITLE STATEMENT | |
| Title | Advance economic theory. : |
| Remainder of title | microeconomic analysis / |
| Statement of responsibility, etc. | By H L Ahuja. |
| 250 ## - EDITION STATEMENT | |
| Edition statement | 1st. |
| 260 ## - PUBLICATION, DISTRIBUTION, ETC. | |
| Place of publication, distribution, etc. | New Delhi.: |
| Name of publisher, distributor, etc. | Schand., |
| Date of publication, distribution, etc. | 2008. |
| 300 ## - PHYSICAL DESCRIPTION | |
| Extent | xvi, 1247 p.: |
| Dimensions | 32 cm. |
| 942 ## - ADDED ENTRY ELEMENTS (KOHA) | |
| Koha item type | Books |
| 653 ## - INDEX TERM--UNCONTROLLED | |
| Uncontrolled term | Economics. |
| 653 ## - INDEX TERM--UNCONTROLLED | |
| Uncontrolled term | Advance economic theory. |
| 653 ## - INDEX TERM--UNCONTROLLED | |
| Uncontrolled term | microeconomic analysis |
| Withdrawn status | Lost status | Damaged status | Not for loan | Home library | Current library | Shelving location | Date acquired | Total Checkouts | Full call number | Barcode | Date last seen | Date last checked out | Copy number | Price effective from | Koha item type |
|---|---|---|---|---|---|---|---|---|---|---|---|---|---|---|---|
| Central Library, Naharkatiya College | Central Library, Naharkatiya College | General Stacks | 19/09/2020 | 9 | 338.5 | AHU | 17745 | 13/06/2025 | 11/04/2025 | 1 | 19/09/2020 | Books |
